| 000 | 00373nam a2200133Ia 4500 | ||
|---|---|---|---|
| 008 | 240624s9999 xx 000 0 und d | ||
| 041 | _aeng | ||
| 082 | _a330 ADB | ||
| 100 | _aASIAN DEVELOPMENT BANK | ||
| 245 | _aENERGY INFRASTRUCTURE PRIORITIES CONSTRA | ||
| 260 |
_c2009 _aNew Delhi _bOxford University press |
||
| 300 | _axviii, : 287 : p. : cm. ; 22 | ||
| 365 |
_cRS _b30 |
||
| 999 |
_c12497 _d12497 |
||